000 01383nam a2200325 i 4500
001 000007050
003 DO-SdBNP
005 20260212102734.0
007 ta
008 090904s1951 dr 000 0 spa d
020 _a9993430021
040 _aDO-SdBNP
_bspa
_cBNPHU
_erda
041 _aspa
082 4 _a737.497293
_bM742p
_222
245 0 3 _aLa moneda provincial de la isla Española :
_bdocumentos
_cintroducción histórica y notas de FR. Cipriano de Utrera.
264 1 _aSanto Domingo :
_beditor no identificado,
_c1951.
300 _a257 páginas ;
_c23 cm.
336 _atexto
_btxt
_2rdacontent
337 _asin mediación
_2rdamedia
_bn
338 _avolumen
_bnc
_2rdacarrier
500 _aIncluye referencias bibliográficas y notas al pie de las páginas
500 _aCapuchino, comendador de la orden de Isabel la Católica, miembro de número de la Academia Dominicana de la Historia, vocal de la Comisión de Honor del Congreso de Estudios Hispanoamericanos del seminario de Problemas Hispanoamericanos de Madrid.
533 _bSanto Domingo
_cBanco Central de la República Dominicna
_d2000
590 _aInventariado, 2024/BT
600 4 _aCipriano de Utrera,
_cFray,
_d1886-1958
_938873
650 4 _aMonedas
_919593
650 4 _aHistoria colonial
_919594
700 1 _aCipriano,
_c de Utrera
_d1886-1958
_eintroducción y notas
_950420
942 _2ddc
_cLBS1
999 _c6833
_d6833